Statistiken für Bundesregierungen seit 1990

Klicken Sie hier um das Quiz zu spielen!

Allgemein

  • Dieses Quiz wurde 92 mal gespielt
    (91 seit der letzten Aktualisierung)
  • Das Durchschnittsergebnis liegt bei 6 aus 9

Antwortstatistiken

WahljahrKoalition% Korrekt
2021SPD, FDP, Grüne/ Ampel
90%
2017CDU, SPD
87%
2013CDU, SPD
82%
2009CDU, FDP
75%
2005CDU, SPD
72%
2002SPD, Grüne
63%
1998SPD, Grüne
56%
1994CDU, FDP
54%
1990CDU, FDP
51%

Verteilung der Resultate

Perzentil nach korrekt beantworteten Fragen

Anzahl Personen mit jedem Resultat

Ihre Resultats-Entwicklung

Sie haben dieses Quiz seit der letzten Aktualisierung nicht gespielt